Repairing issues obligations and service charges (Record no. 76998)
[ view plain ]
| 000 -LEADER | |
|---|---|
| fixed length control field | 01227cab a2200217 4500 |
| 001 - CONTROL NUMBER | |
| control field | ##L133426 |
| 008 - FIXED-LENGTH DATA ELEMENTS--GENERAL INFORMATION | |
| fixed length control field | 060508n2006 000 0 eng u |
| 035 ## - SYSTEM CONTROL NUMBER | |
| System control number | (Sirsi) u133426 |
| 041 0# - LANGUAGE CODE | |
| Language code of text/sound track or separate title | eng |
| 245 00 - TITLE STATEMENT | |
| Title | Repairing issues obligations and service charges |
| 260 ## - PUBLICATION, DISTRIBUTION, ETC. | |
| Date of publication, distribution, etc. | 2006 |
| 490 #0 - SERIES STATEMENT | |
| Series statement | Commercial Leases |
| Volume/sequential designation | 20(4) April 2006, 1098-1101(4) |
| 520 ## - SUMMARY, ETC. | |
| Summary, etc. | Discusses four law cases that raises issue on repairs and defects with implications for commercial landlords. The cases are: "Marlborough Park Services Ltd v Rowe and another" ([2005] EWHC B21 (Ch), unreported); "Continental Property Ventures Inc v White" [2006] EWLands LRX/60/2005, L132921); "Haward and others v Fawcetts" (a firm) ([2006] UKHL 9, L132903), and "Abbott v Will Gannon and Smith Ltd" ([2005] EWCA 198 (Civ), Abs68794). |
| 590 ## - LOCAL NOTE (RLIN) | |
| Local note | IKA090506 |
| 650 24 - SUBJECT ADDED ENTRY--TOPICAL TERM | |
| Topical term or geographic name entry element | MARLBOROUGH PARK SERVICES LTD V ROWE AND ANOTHER |
| 650 24 - SUBJECT ADDED ENTRY--TOPICAL TERM | |
| Topical term or geographic name entry element | CONTINENTAL PROPERTY VENTURES INC V WHITE AND ANOTHER |
| 650 24 - SUBJECT ADDED ENTRY--TOPICAL TERM | |
| Topical term or geographic name entry element | HAWARD AND OTHERS V FAWCETTS |
| 650 24 - SUBJECT ADDED ENTRY--TOPICAL TERM | |
| Topical term or geographic name entry element | ABBOTT AND ANOTHER V WILL GANNON AND SMITH LTD |
| 690 ## - LOCAL SUBJECT ADDED ENTRY--TOPICAL TERM (OCLC, RLIN) | |
| Topical term or geographic name as entry element | PROPERTY-COMMERCIAL PROPERTY-LEASEHOLD COMMERCIAL PROPERTY-COMMERCIAL LANDLORD AND TENANT-BUSINESS TENANCIES-BREACHING BUSINESS TENANCIES |
| 942 ## - ADDED ENTRY ELEMENTS (KOHA) | |
| Suppress in OPAC | 0 |
| Withdrawn status | Lost status | Source of classification or shelving scheme | Damaged status | Not for loan | Home library | Current library | Shelving location | Date acquired | Total Checkouts | Full call number | Barcode | Date last seen | Copy number | Price effective from | Koha item type |
|---|---|---|---|---|---|---|---|---|---|---|---|---|---|---|---|
| Dewey Decimal Classification | London | London | Journal article | 08/05/2006 | L133426 | 133426-1001 | 06/08/2019 | 1 | 06/08/2019 | Journal article |